[Event "Banff op"]
[Site "Banff"]
[Date "2024.11.09"]
[Round "1"]
[White "Khaledi, Omid"]
[Black "Jin, Eric"]
[Result "1-0"]
[WhiteElo "2216"]
[BlackElo "1956"]
[PlyCount "87"]
[EventDate "2024.11.09"]
[EventType "swiss"]
[EventRounds "6"]
[EventCountry "CAN"]
[SourceTitle "CB47_2024"]
[SourceDate "2024.11.20"]
[SourceVersion "1"]
[SourceVersionDate "2024.11.20"]
[SourceQuality "1"]

1. d4 g6 2. c4 Nf6 3. Nc3 d5 4. cxd5 Nxd5 5. e4 Nxc3 6. bxc3 Bg7 7. Nf3 c5 8. Be3 Nc6 9. Rc1 Qa5 10. Qd2 0-0 11. d5 Rd8 12. Be2 Bg4 13. 0-0 e6 14. Rfd1 exd5 15. exd5 Ne7 16. c4 Qxd2 17. Rxd2 Nf5 18. Bf4 Nd6 19. Ne1 Bxe2 20. Rxe2 Bf6 21. Nd3 Nxc4 22. Rxc4 Rxd5 23. Ne1 Bd4 24. Nf3 b5 25. Rc1 Bf6 26. g4 c4 27. Kg2 c3 28. g5 Bg7 29. Re7 Rc8 30. Rxa7 c2 31. Rc7 Rxc7 32. Bxc7 Rc5 33. Bb6 Rc6 34. Bd4 Bf8 35. Bb2 Rc4 36. Ne1 Bb4 37. Kf1 Rg4 38. Nxc2 Be7 39. Ne3 Ra4 40. Nd5 Bf8 41. Nf6+ Kg7 42. Nd5+ Kg8 43. Rc8 Ra7 44. Bf6 1-0